Normal view
MARC view
Entry Personal Name
001 - CONTROL NUMBER
- control field: 17395
003 - CONTROL NUMBER IDENTIFIER
- control field: dpl
005 - DATE AND TIME OF LATEST TRANSACTION
- control field: 20100830104928.0
008 - FIXED-LENGTH DATA ELEMENTS
- fixed length control field: 100830|||a|||||| | ||| d
040 ## - CATALOGING SOURCE
- Original cataloging agency: dpl
- Transcribing agency: dpl
100 ## - HEADING--PERSONAL NAME
- Personal name: Seiden, Abraham
670 ## - SOURCE DATA FOUND
- Source citation: Work cat.: (dpl)35936: Seiden, Abraham , Particle physics:, 2009
670 ## - SOURCE DATA FOUND
- Source citation: Work cat.: (dpl)35936: Seiden, Abraham , Particle physics:, 2009
